|
|
|
|
| LEADER |
00000cam a2200000 a 4500 |
| 001 |
vtls001103333 |
| 003 |
SK-MaSNL |
| 005 |
20260301062522.0 |
| 008 |
250313s1981 xo a e n 000 0 slo |
| 015 |
|
|
|a SNBA1981
|
| 035 |
|
|
|a SNK000046175
|
| 035 |
|
|
|a urn:nbn:sk:snk-amjtwx
|
| 035 |
|
|
|a urn:nbn:sk:snk-am00814f
|
| 035 |
|
|
|a C90CD531-5705-455E-A98C-3B105153FEEF
|
| 040 |
|
|
|a SNK
|b slo
|c SNK
|e AACR2
|
| 041 |
0 |
|
|a slo
|
| 044 |
|
|
|a xo
|c SK
|
| 080 |
|
|
|a 301.151:331(075.8)
|2 1981
|
| 080 |
|
|
|a 331:301.151(075.8)
|2 1981
|
| 100 |
1 |
|
|a Kollárik, Teodor,
|d 1945-2021
|4 aut
|9 201444
|
| 245 |
1 |
0 |
|a Základy sociálnej psychológie práce
|c Teodor Kollárik
|
| 250 |
|
|
|a 1. vyd.
|
| 260 |
|
|
|a Bratislava
|b Univerzita Komenského
|c 1981
|
| 300 |
|
|
|a 120 s.
|b sch.
|c 29 cm
|
| 366 |
|
|
|e 235 výt.
|
| 490 |
1 |
|
|a Vysokoškolské skriptá
|
| 504 |
|
|
|a Bibliogr.
|
| 650 |
0 |
7 |
|a sociálna psychológia
|2 SNKPH
|9 1007
|
| 650 |
0 |
7 |
|a práca
|2 SNKPH
|9 2337
|
| 650 |
0 |
7 |
|a psychológia práce
|2 SNKPH
|9 2347
|
| 655 |
|
7 |
|a učebnice vysokých škôl
|2 SNKPH
|9 70191
|
| 810 |
2 |
|
|a Univerzita Komenského v Bratislave
|t Vysokoškolské skriptá
|9 277216
|
| 830 |
|
0 |
|a Vysokoškolské skriptá
|9 276440
|
| 852 |
|
|
|a Slovenská národná knižnica
|
| 958 |
|
|
|a OND
|
| 958 |
|
|
|a NB
|
| 958 |
|
|
|a RM
|
| 958 |
|
|
|a UV
|
| 999 |
|
|
|c 620962
|d 622892
|
| 952 |
|
|
|a SNK
|b SNK
|y VYP
|7 0
|o snkSB 30616 D1
|i snkKSP 9722/81
|0 0
|1 0
|4 0
|d 2014-10-30
|l 0
|r 2026-02-23 16:54:59
|w 2026-02-23
|
| 952 |
|
|
|t P60, <03>, [BOOK], {603}
|a SNK
|b SNK
|y PREZ
|7 0
|p 17A0187254
|o snkSB 30616
|i snkKSP 9721/81
|0 0
|1 0
|4 0
|d 1999-03-25
|f 1
|l 0
|r 2025-04-04 00:00:00
|w 2026-02-23
|